[Event "AUTO-INT-1600"]
[Site "http://www.queenalice.com/game.php?id=725910"]
[Date "2010.2.4"]
[Round "1"]
[White "smosbeck"]
[Black "ferrari"]
[Result "0-1"]
[WhiteElo "1323"]
[BlackElo "1735"]

1. d4 d5 2. c4 c6 3. Nf3 Nf6 4. c5 g6 5. Nc3 Bg7 6. Bf4 O-O 7. e3 Nh5 8. Bd3
Nxf4 9. exf4 Bg4 10. O-O Bxf3 11. Qxf3 Bxd4 12. Rae1 Bxc5 13. f5 Nd7 14. a3 Bd4
15. Qg3 e5 16. fxg6 fxg6 17. Re3 Bxe3 18. fxe3 Rxf1+ 19. Kxf1 Qf6+ 20. Ke2 d4
21. Ne4 Qg7 22. Nd6 dxe3 23. h4 Nc5 24. Bc4+ Kf8 25. Qf3+ Ke7 26. Nf7 e4 27. Qg4
Qxb2+ 28. Kxe3 Qc3+ 29. Kf4 Qxc4 30. Qg5+ Kxf7 31. Ke5 Re8+ 0-1

[Event "AUTO-INT-1600"]
[Site "http://www.queenalice.com/game.php?id=725911"]
[Date "2010.2.4"]
[Round "1"]
[White "ferrari"]
[Black "smosbeck"]
[Result "1-0"]
[WhiteElo "1734"]
[BlackElo "1325"]

1. Nf3 d5 2. g3 c5 3. Bg2 c4 4. O-O Nc6 5. Nc3 e5 6. d3 d4 7. Ne4 Be6 8. Nfg5 f5
9. Nxe6 Qa5 10. Nxf8 Kxf8 11. Ng5 Nce7 12. dxc4 h6 13. Ne6+ Kf7 14. Nxg7 Kxg7
15. Qd3 Nf6 16. e4 fxe4 17. Bxe4 Nxe4 18. Qxe4 b6 19. f4 Rhf8 20. Qxe5+ Rf6 21.
Qxe7+ Kg6 22. Qe4+ Kf7 23. Qxa8 Qc5 24. Qxa7+ Ke6 25. Qa3 Qxc4 26. Re1+ Kf5 27.
g4+ Kxg4 28. Qg3+ Kf5 29. Re5# 1-0

[Event "AUTO-INT-1600"]
[Site "http://www.queenalice.com/game.php?id=725914"]
[Date "2010.2.4"]
[Round "1"]
[White "smosbeck"]
[Black "chyco"]
[Result "0-1"]
[WhiteElo "1320"]
[BlackElo "1692"]

1. d4 d5 2. c4 dxc4 3. Nf3 f6 4. e4 b5 5. a4 c6 6. Bf4 Qa5+ 7. Bd2 Qc7 8. axb5
cxb5 9. Nc3 a6 10. g3 e6 11. Nxb5 Qc6 12. Nc3 Ra7 13. d5 Qc5 14. Be3 Qc7 15.
Bxa7 Qxa7 16. Bxc4 e5 17. Bb5+ Bd7 18. O-O Qb6 19. Qd3 axb5 20. Rfc1 Bc5 21. Rc2
Ne7 22. b3 O-O 23. Rca2 Bh3 24. Rc1 b4 25. Nb5 Nd7 26. d6 Ng6 27. Ra7 Qc6 28.
Rc7 Qb6 29. Ra7 Bxf2+ 30. Kh1 Nc5 31. Qe2 Nxb3 32. Qc4+ Kh8 33. Qd5 Nxc1 34. Ra8
Qe3 35. Ng1 Bxg1 36. Qf7 Qf3+ 0-1

[Event "Challenge"]
[Site "http://www.queenalice.com/game.php?id=730656"]
[Date "2010.2.12"]
[Round "-"]
[White "smosbeck"]
[Black "kinggeorge"]
[Result "1-0"]
[WhiteElo "1284"]
[BlackElo "1167"]

1. f4 e6 2. e4 Qh4+ 3. g3 Qf6 4. d4 c5 5. e5 Qf5 6. Bd3 Qg6 7. Bxg6 hxg6 8. c4
cxd4 9. Nf3 f6 10. Qxd4 g5 11. fxg5 fxe5 12. Qg4 Nf6 13. gxf6 Rg8 14. Qg6+ Kd8
15. f7 Rh8 16. Bg5+ Kc7 17. O-O Bc5+ 18. Kg2 Nc6 19. Re1 Nd8 20. Rxe5 Rf8 21.
Rxc5+ Kb6 22. b4 Nxf7 23. Qxg7 Rh8 24. Qxf7 d6 25. Qc7+ Ka6 26. Qa5# 1-0

[Event "Challenge"]
[Site "http://www.queenalice.com/game.php?id=730657"]
[Date "2010.2.12"]
[Round "-"]
[White "kinggeorge"]
[Black "smosbeck"]
[Result "0-1"]
[WhiteElo "1193"]
[BlackElo "1271"]

1. d4 f5 2. e3 Nc6 3. g3 d5 4. Nf3 Nf6 5. Ng5 h6 6. Nf3 Ne4 7. Nc3 Nxc3 8. bxc3
h5 9. Qd3 e6 10. g4 hxg4 11. Ng5 Qxg5 12. h4 Rxh4 13. f4 Qh5 14. Rg1 Rh2 15. Qd1
Qh4+ 16. Rg3 Qxg3# 0-1

[Event "AUTO-INT-1610"]
[Site "http://www.queenalice.com/game.php?id=731258"]
[Date "2010.2.13"]
[Round "1"]
[White "sandromm"]
[Black "smosbeck"]
[Result "0-1"]
[WhiteElo "1625"]
[BlackElo "1291"]

1. e4 e5 2. Nf3 Nc6 3. Bb5 a6 4. Ba4 Bc5 5. O-O Nf6 6. d3 d5 7. exd5 Nxd5 8. Re1
O-O 9. Bxc6 bxc6 10. Nxe5 Qf6 11. c4 Nf4 12. Bxf4 Qxf4 13. Nf3 Be6 14. Nc3 Rae8
15. Re4 Qf6 16. d4 Bd6 17. c5 Bf4 18. Qa4 g6 19. Qxa6 Bf5 20. Rxe8 Rxe8 21. Qb7
g5 22. g3 Bxg3 23. hxg3 Bh3 24. Qxc7 Qxf3 25. Qxc6 Qxc6 26. d5 Qxc5 27. Rd1 Qc4
28. Kh2 g4 29. d6 Qc6 30. Rd5 Rd8 31. f3 Qc4 32. fxg4 Qf1 33. Rg5+ Kf8 0-1

[Event "AUTO-INT-1610"]
[Site "http://www.queenalice.com/game.php?id=731259"]
[Date "2010.2.13"]
[Round "1"]
[White "smosbeck"]
[Black "sandromm"]
[Result "0-1"]
[WhiteElo "1293"]
[BlackElo "1643"]

1. d4 Nf6 2. c4 d5 3. Nc3 e6 4. e3 Bb4 5. Nf3 dxc4 6. Bxc4 O-O 7. O-O a6 8. a3
Bxc3 9. bxc3 b5 10. Bd3 Bb7 11. Ne5 Nbd7 12. c4 bxc4 13. Bxc4 Nxe5 14. Rb1 Bxg2
15. Kxg2 Nxc4 16. Qf3 Nd5 17. e4 Ndb6 18. Qg3 Nd6 19. Bh6 Qf6 20. Bf4 Nxe4 21.
Qh3 Qxf4 22. f3 Nd2 23. Rbc1 Nxf1 24. Kxf1 Qxc1+ 25. Kf2 Qd2+ 26. Kg3 Qe1+ 27.
Kg4 f5+ 28. Kf4 Nd5+ 29. Kg5 Qd2+ 30. Kh5 Qh6# 0-1

[Event "AUTO-INT-1610"]
[Site "http://www.queenalice.com/game.php?id=731272"]
[Date "2010.2.13"]
[Round "1"]
[White "maurice91"]
[Black "smosbeck"]
[Result "1-0"]
[WhiteElo "1748"]
[BlackElo "1295"]

1. f4 d5 2. Nf3 Nc6 3. e3 Nf6 4. d3 e6 5. Be2 Be7 6. Nbd2 O-O 7. O-O Bc5 8. Nb3
Bb6 9. Bd2 e5 10. fxe5 Nh5 11. Nfd4 g6 12. Bxh5 gxh5 13. Qxh5 Ne7 14. Qh4 c5 15.
Nf3 c4 16. dxc4 dxc4 17. Nbd4 Bd7 18. Ng5 Rc8 19. Qxh7# 1-0

[Event "AUTO-INT-1610"]
[Site "http://www.queenalice.com/game.php?id=731273"]
[Date "2010.2.13"]
[Round "1"]
[White "smosbeck"]
[Black "maurice91"]
[Result "0-1"]
[WhiteElo "1313"]
[BlackElo "1705"]

1. c4 c5 2. Nc3 Nc6 3. Nf3 e6 4. e4 d6 5. Be2 Be7 6. d4 cxd4 7. Nxd4 Bf6 8. Nxc6
bxc6 9. O-O Ne7 10. Be3 O-O 11. Qd3 Rb8 12. Rab1 a5 13. f4 g6 14. a3 c5 15. f5
exf5 16. Nd5 Nxd5 17. Qxd5 Be6 18. Qd3 Bxb2 19. Bh6 Bd4+ 20. Be3 Rxb1 21. Rxb1
Qf6 22. h3 fxe4 23. Qb3 Bc3 24. Bh6 Qd4+ 25. Kh1 Re8 26. Qb8 Rc8 27. Qa7 Qf6 28.
Rb8 Qd8 29. Rb7 Bg7 30. Bf4 Bf8 31. Bg4 Qf6 32. Bxe6 Qxe6 33. Qxa5 Qxc4 34. Bg5
Bg7 35. Rb8 Rxb8 36. Qc7 Qf1+ 37. Kh2 Be5+ 38. g3 Rb2+ 0-1

[Event "AUTO-INT-1610"]
[Site "http://www.queenalice.com/game.php?id=731282"]
[Date "2010.2.13"]
[Round "1"]
[White "smosbeck"]
[Black "widad"]
[Result "0-1"]
[WhiteElo "1311"]
[BlackElo "1609"]

1. e4 c5 2. f4 Nc6 3. Nf3 e6 4. d3 Be7 5. e5 Qc7 6. Be3 f5 7. Nc3 Nh6 8. Ng5 O-O
9. Be2 b6 10. O-O Nf7 11. Qe1 Nxg5 12. fxg5 Qxe5 13. Rd1 Qxe3+ 14. Kh1 Bxg5 15.
a3 Bb7 16. h4 Bf6 17. Rf3 Bxc3 18. bxc3 Rae8 19. Rxe3 f4 20. Re4 e5 21. g4 d6
22. g5 g6 23. d4 cxd4 24. c4 Na5 25. Bf3 Nxc4 26. h5 Ne3 27. Rd2 d5 28. hxg6
dxe4 29. Qh4 Re7 30. Bg2 f3 31. Bh3 Rf4 32. Qh6 f2 33. Be6+ Kh8 34. Rxf2 Rxf2
35. gxh7 Rxh7 36. c4 Rxh6+ 37. Kg1 Rg2# 0-1

[Event "AUTO-INT-1610"]
[Site "http://www.queenalice.com/game.php?id=731283"]
[Date "2010.2.13"]
[Round "1"]
[White "widad"]
[Black "smosbeck"]
[Result "1-0"]
[WhiteElo "1592"]
[BlackElo "1318"]

1. e4 e5 2. Bc4 Nf6 3. Nc3 Bc5 4. d3 O-O 5. Nf3 c6 6. Bd2 d5 7. exd5 cxd5 8.
Nxe5 dxc4 9. Nxc4 Re8+ 10. Ne2 Qe7 11. O-O Nc6 12. c3 Nd5 13. d4 Bd6 14. Nxd6
Qxd6 15. a3 Bg4 16. f3 Bf5 17. c4 Nf6 18. Bf4 Qe7 19. d5 Rad8 20. d6 Qe6 21. c5
b6 22. cxb6 axb6 23. Re1 Nd5 24. Nd4 Qg6 25. Qb3 Bh3 26. Rxe8+ Rxe8 27. Bg3 Na5
28. Qxd5 Be6 29. Nxe6 Rxe6 30. Qa8+ Re8 31. Qxe8# 1-0

[Event "Challenge"]
[Site "http://www.queenalice.com/game.php?id=734255"]
[Date "2010.2.19"]
[Round "-"]
[White "smosbeck"]
[Black "kinggeorge"]
[Result "1-0"]
[WhiteElo "1316"]
[BlackElo "1220"]

1. f4 e6 2. e4 Bc5 3. Nf3 f5 4. e5 b6 5. d4 Bb4+ 6. c3 Be7 7. Bc4 b5 8. Bxb5 a6
9. Ba4 Nh6 10. O-O c5 11. d5 exd5 12. Qd2 c4 13. Rd1 Bc5+ 14. Kf1 Qa5 15. b3 Ng4
16. Qxd5 h5 17. e6 Ne3+ 18. Ke2 Nxd5 19. Rxd5 Ke7 20. Ne5 dxe6 21. Rd1 g5 22. b4
Qxa4 23. bxc5 gxf4 24. Rd4 Kf6 25. Rxc4 Qc2+ 26. Nd2 f3+ 27. Nxf3 Rg8 28. g3 Bb7
29. Nd4 Qxd2+ 30. Bxd2 e5 31. Nf3 h4 32. Nxh4 Nc6 33. Rb1 Bc8 34. Rb6 Bd7 35.
Nf3 Ke6 36. Kf2 Kd5 37. Rh4 Kxc5 38. Rb7 Be6 39. Be3+ Kd6 40. Rh6 e4 41. Nd4
Rab8 42. Nxe6 Rh8 43. Nc5+ Kd5 44. Rd7+ Kc4 45. Rxc6 Rxh2+ 46. Kg1 Rxa2 47.
Nxa6+ Kb3 48. Nxb8 Kb2 49. Na6 Kb1 50. Rb6+ Kc2 51. Nb4+ Kb2 52. Nxa2+ Kxa2 53.
Ra7# 1-0

[Event "Challenge"]
[Site "http://www.queenalice.com/game.php?id=738340"]
[Date "2010.2.27"]
[Round "-"]
[White "smosbeck"]
[Black "rickster"]
[Result "1-0"]
[WhiteElo "1317"]
[BlackElo "1139"]

1. f4 b6 2. e4 g6 3. d4 Bh6 4. e5 e6 5. Nf3 Bb7 6. Nc3 Na6 7. d5 Nb4 8. dxe6
fxe6 9. Bc4 Ne7 10. Ne4 Bxe4 11. Nd4 Nec6 12. Qe2 Nxd4 13. Qxe4 Nbxc2+ 14. Kf2
Qh4+ 15. g3 Qg4 16. Qxa8+ Kf7 17. Qxh8 Qf3+ 18. Kg1 Ne2+ 19. Bxe2 Qxe2 20. Qxh7+
Bg7 21. Rb1 a5 22. b3 Ne3 23. Bxe3 Qxe3+ 24. Kg2 Qd2+ 25. Kh3 b5 26. Rbc1 c5 27.
Rhd1 Qb2 28. Rxd7+ Ke8 29. Qxg7 Qe2 30. Qe7# 1-0

[Event "Challenge"]
[Site "http://www.queenalice.com/game.php?id=738341"]
[Date "2010.2.27"]
[Round "-"]
[White "rickster"]
[Black "smosbeck"]
[Result "0-1"]
[WhiteElo "1158"]
[BlackElo "1307"]

1. d4 d5 2. Nf3 Bf5 3. Nc3 Nf6 4. e4 dxe4 5. Bb5+ c6 6. Ba4 exf3 7. Qxf3 Qxd4 8.
Qxf5 e6 9. Qd3 Qe5+ 10. Kf1 b5 11. Nxb5 cxb5 12. Bxb5+ Nbd7 13. f4 Qf5 14. Bd2
Rb8 15. Bc6 Bc5 16. Be3 O-O 17. g4 Nxg4 18. Re1 Nde5 19. Be4 Nxe3+ 20. Rxe3 Qh5
21. Re1 Nxd3 22. cxd3 Rxb2 23. Rg1 Rf2# 0-1

[Event "Challenge"]
[Site "http://www.queenalice.com/game.php?id=748152"]
[Date "2010.3.18"]
[Round "-"]
[White "kinggeorge"]
[Black "smosbeck"]
[Result "0-1"]
[WhiteElo "1242"]
[BlackElo "1309"]

1. e4 c5 2. Qf3 e5 3. Bc4 f6 4. Qf5 d5 5. Qh5+ g6 6. Bb5+ Bd7 7. Qe2 dxe4 8. Nc3
f5 9. Qc4 g5 10. Qd5 a6 11. Bc4 b5 12. Qxe5+ Be7 13. Bb3 c4 14. Nd5 cxb3 15.
axb3 Nc6 16. Qxh8 Be6 17. Nb6 Bf6 18. Qxh7 Qxb6 19. h4 Ra7 20. hxg5 Rxh7 21.
Rxh7 Bxg5 22. Nh3 Bh6 23. b4 Nxb4 24. Ra3 Nxc2+ 25. Kd1 Qc6 26. Rc3 Bc4 27. Rg3
Nd4 28. Rxg8+ Bxg8 29. Ra7 Bb3+ 30. Ke1 Qxc1# 0-1

[Event "Challenge"]
[Site "http://www.queenalice.com/game.php?id=748400"]
[Date "2010.3.19"]
[Round "-"]
[White "smosbeck"]
[Black "kinggeorge"]
[Result "0-1"]
[WhiteElo "1322"]
[BlackElo "1255"]

1. d4 e6 2. e4 h5 3. h4 Rh6 4. Bg5 f6 5. Bxh6 Nxh6 6. Nc3 d6 7. Qxh5+ Nf7 8. Rd1
d5 9. exd5 a5 10. Bd3 a4 11. Bg6 Ke7 12. dxe6 Qd6 13. d5 a3 14. Qh8 Nxh8 15. Bf5
Qe5+ 16. Nge2 Qxf5 17. b3 b6 18. Rd2 Ba6 19. Nd4 Qe5+ 20. Nde2 b5 21. b4 Ke8 22.
f4 Qh5 23. Ng3 Qg4 24. Nge4 Bxb4 25. Nd1 Qxf4 26. Ndf2 f5 27. c3 fxe4 28. cxb4
e3 29. Nh3 Qxb4 30. d6 exd2+ 31. Kd1 Qb1+ 32. Kxd2 Qxh1 33. d7+ Kd8 34. Nf4 b4
0-1

[Event "Challenge"]
[Site "http://www.queenalice.com/game.php?id=748401"]
[Date "2010.3.19"]
[Round "-"]
[White "smosbeck"]
[Black "rickster"]
[Result "1-0"]
[WhiteElo "1310"]
[BlackElo "1294"]

1. e4 b6 2. d4 Nf6 3. e5 Ne4 4. Nc3 Bb7 5. Bc4 e6 6. Bf4 Bb4 7. a3 Nxc3 8. bxc3
Bxc3+ 9. Bd2 Ba5 10. c3 Nc6 11. Nf3 g6 12. O-O d5 13. Bb5 O-O 14. Qc2 f6 15. Nh4
Qe8 16. Bd3 g5 17. Nf3 g4 18. Bh6 gxf3 19. Bxh7+ Kh8 20. Qd3 Ba6 21. Qxf3 Kxh7
22. Be3 fxe5 23. Qh3+ Kg8 24. Qg3+ Kf7 25. Bh6 exd4 26. Qg7# 1-0

[Event "Challenge"]
[Site "http://www.queenalice.com/game.php?id=748547"]
[Date "2010.3.19"]
[Round "-"]
[White "rickster"]
[Black "smosbeck"]
[Result "1-0"]
[WhiteElo "1263"]
[BlackElo "1321"]

1. d4 d5 2. Nf3 Nf6 3. e3 e5 4. Nxe5 Bd6 5. Nd3 O-O 6. Nf4 c5 7. c3 Bf5 8. Na3
Nc6 9. Nb5 Bxf4 10. exf4 Re8+ 11. Be3 c4 12. Bd3 cxd3 13. O-O Ne4 14. f3 a6 15.
fxe4 Bxe4 16. f5 axb5 17. Rf4 Qg5 18. Rxe4 Qxf5 19. Qf3 Qg6 20. b4 Rxe4 21. Rd1
Qf6 22. Ra1 Rxe3 23. Qxe3 g5 24. Qxd3 Re8 25. Rf1 Qd6 26. Qxb5 Re7 27. h3 Re3
28. Qxb7 Nd8 29. Qb5 Ne6 30. Qe8+ Kg7 31. Qxf7+ Kh8 32. Qe8+ 1-0